000
00285nam a2200145Ia 4500
100
_a
Argerich/Luis
942
_c
BK
654
_a
PHP4
245
_a
Professional PHP4
260
_b
Prentice Hall
_c
2002
082
_a
5.1
_b
ARG
300
_a
974
546
_a
ENGLISH
999
_c
18242
_d
18242